Normal view MARC view

Entry Meeting Name

Number of records used in: 1

001 - CONTROL NUMBER

  • control field: 628

003 - CONTROL NUMBER IDENTIFIER

  • control field: OSt

005 - DATE AND TIME OF LATEST TRANSACTION

  • control field: 20190109102616.0

008 - FIXED-LENGTH DATA ELEMENTS

  • fixed length control field: 190109|| aca||aabn | a|a d

040 ## - CATALOGING SOURCE

  • Original cataloging agency: OSt
  • Transcribing agency: OSt

111 ## - HEADING--MEETING NAME

  • Meeting name or jurisdiction name as entry element: Seamless Integration into the Third Decade: Building on Two Decades of ASEAN-India Partnership (Conference)
  • Date of meeting or treaty signing: (2012 :
  • Location of meeting: Bangkok, Thailand)

670 ## - SOURCE DATA FOUND

  • Source citation: Work cat.: (OSt)446338: Seamless Integration into the Third Decade: Building on Two Decades of ASEAN-India Partnership (Conference) (2012 : Bangkok, Thailand), Celebrating the third decade and beyond :

Powered by Koha